000 01722nam a2200421 a 4500
001 ebr10681295
003 CaPaEBR
006 m u
007 cr cn|||||||||
008 101119s2011 nyua sb 001 0 eng d
010 _z 2010047078
020 _z9781612091228 (softcover : alk. paper)
020 _z9781620814888 (e-book)
040 _aCaPaEBR
_cCaPaEBR
035 _a(OCoLC)834143013
043 _ax------
050 1 4 _aQH325
_b.P487 2011eb
082 0 4 _a576.8/3
_222
245 0 0 _aPlanetary conditions at the Hadean and Archean transition
_h[electronic resource] :
_bpossible scenarios for the origin of life /
_cJulio Valdivia-Silva ... [et al.].
260 _aNew York :
_bNova Science Publishers, Inc.,
_cc2011.
300 _a92 p. :
_bill. (some col.).
490 1 _aEarth sciences in the 21st century
490 1 _aSpace science, exploration and policies
504 _aIncludes bibliographical references (p. [63]-85) and index.
533 _aElectronic reproduction.
_bPalo Alto, Calif. :
_cebrary,
_d2013.
_nAvailable via World Wide Web.
_nAccess may be limited to ebrary affiliated libraries.
650 0 _aLife
_xOrigin.
650 0 _aMolecular evolution.
650 0 _aPlanets
_xOrigin.
650 0 _aPlanets
_xSurfaces.
650 0 _aGeology, Stratigraphic
_yArchaean.
651 0 _aEarth (Planet)
_xSurface.
655 7 _aElectronic books.
_2local
700 1 _aValdivia-Silva, Julio.
710 2 _aebrary, Inc.
830 0 _aEarth sciences in the 21st century series.
830 0 _aSpace science, exploration and policies series.
856 4 0 _uhttp://site.ebrary.com/lib/rucke/Doc?id=10681295
_zAn electronic book accessible through the World Wide Web; click to view
999 _c157455
_d157455